Prescott gives order to fire (Record no. 71823)
[ view plain ]
| 000 -LEADER | |
|---|---|
| fixed length control field | 01020cam a2200217 4500 |
| 001 - CONTROL NUMBER | |
| control field | ABS66256 |
| 008 - FIXED-LENGTH DATA ELEMENTS--GENERAL INFORMATION | |
| fixed length control field | 021219n2002 000 0 eng u |
| 035 ## - SYSTEM CONTROL NUMBER | |
| System control number | (Sirsi) u120845 |
| 100 ## - MAIN ENTRY--PERSONAL NAME | |
| Personal name | Dyer, C |
| 245 ## - TITLE STATEMENT | |
| Title | Prescott gives order to fire |
| 260 ## - PUBLICATION, DISTRIBUTION, ETC. | |
| Date of publication, distribution, etc. | 2002 |
| 490 ## - SERIES STATEMENT | |
| Series statement | Health and Safety Bulletin |
| Volume/sequential designation | (312) October 2002, 13-20(8) |
| 520 ## - SUMMARY, ETC. | |
| Summary, etc. | Reports on government proposal to consolidate and rationalise workplace legislation on fire precautions. The proposed Regulatory Reform (Fire safety) Order will replace the Fire Precautions Act 1971, the Fire Precautions (Workplace) Regulations 1997, and much of the remaining legislation, in an attempt to have one fire safety regime. It takes a detailed look at each aspect of the proposed regulations. |
| 590 ## - LOCAL NOTE (RLIN) | |
| Local note | ABS |
| 650 ## - SUBJECT ADDED ENTRY--TOPICAL TERM | |
| Topical term or geographic name entry element | FIRE PRECAUTIONS |
| 650 ## - SUBJECT ADDED ENTRY--TOPICAL TERM | |
| Topical term or geographic name entry element | FIRE PRECAUTIONS ACT 1971 |
| 650 ## - SUBJECT ADDED ENTRY--TOPICAL TERM | |
| Topical term or geographic name entry element | FIRE PRECAUTIONS (WORKPLACE) REGULATIONS 1997 |
| 650 ## - SUBJECT ADDED ENTRY--TOPICAL TERM | |
| Topical term or geographic name entry element | REGULATORY REFORM (FIRE SAFETY) ORDER 2005 |
| 690 ## - LOCAL SUBJECT ADDED ENTRY--TOPICAL TERM (OCLC, RLIN) | |
| Topical term or geographic name as entry element | Health and safety |
| 9 (RLIN) | 6244 |
| 942 ## - ADDED ENTRY ELEMENTS (KOHA) | |
| Suppress in OPAC | 0 |
| Withdrawn status | Lost status | Source of classification or shelving scheme | Damaged status | Not for loan | Home library | Current library | Shelving location | Date acquired | Total Checkouts | Full call number | Barcode | Date last seen | Copy number | Price effective from | Koha item type |
|---|---|---|---|---|---|---|---|---|---|---|---|---|---|---|---|
| Dewey Decimal Classification | London | London | Journal article | 19/12/2002 | ABS66256 | 120845-1001 | 06/08/2019 | 1 | 06/08/2019 | Journal article |